000
00292nam a22001097a 4500
041
_a
eng
080
_a
80
100
_a
Котов, В.Н. и др.
245
_a
Русско-украинско-английский математический словарь
650
_a
EFL
999
_c
280490
_d
280490
942
_c
BK